00279nam a2200109Ia 4500008004100000041000800041100001100049245003100060260003400091300000900125700003500134250110s9999 xx 000 0 und d aeng aPai R. aIntelligent Office Complex bFinal year B Arch, Punec2004 a115p aGuide Name:Kolhatkar Aniruddha